<?xml version="1.0" encoding="UTF-8"?>
<record
    xmlns:xsi="http://www.w3.org/2001/XMLSchema-instance"
    xsi:schemaLocation="http://www.loc.gov/MARC21/slim http://www.loc.gov/standards/marcxml/schema/MARC21slim.xsd"
    xmlns="http://www.loc.gov/MARC21/slim">

  <leader>01421nam a2200289 a 4500</leader>
  <controlfield tag="001">000024247</controlfield>
  <controlfield tag="005">20200930022838.0</controlfield>
  <controlfield tag="008">110125s1997    mx      r     000 | spa d</controlfield>
  <datafield tag="020" ind1=" " ind2=" ">
    <subfield code="a">9701800990</subfield>
  </datafield>
  <datafield tag="040" ind1=" " ind2=" ">
    <subfield code="a">DO-SdBNP</subfield>
    <subfield code="b">spa</subfield>
    <subfield code="c">BNPHU</subfield>
  </datafield>
  <datafield tag="082" ind1=" " ind2=" ">
    <subfield code="a">M868.44</subfield>
    <subfield code="b">M611p</subfield>
  </datafield>
  <datafield tag="245" ind1="0" ind2="4">
    <subfield code="a">Los mexicanos pintados por s&#xED; mismos :</subfield>
    <subfield code="b">selecci&#xF3;n /</subfield>
    <subfield code="c">Hilari&#xF3;n Fr&#xED;as y Soto ... [et al.].</subfield>
  </datafield>
  <datafield tag="260" ind1=" " ind2=" ">
    <subfield code="a">M&#xE9;xico, D.F. :</subfield>
    <subfield code="b">Consejo Nacional para la Cultura y las Artes,</subfield>
    <subfield code="c">1997.</subfield>
  </datafield>
  <datafield tag="300" ind1=" " ind2=" ">
    <subfield code="a">150 p. ;</subfield>
    <subfield code="c">21 cm.</subfield>
  </datafield>
  <datafield tag="490" ind1="1" ind2=" ">
    <subfield code="a">Cl&#xE1;sicos para Hoy</subfield>
    <subfield code="v">18</subfield>
  </datafield>
  <datafield tag="505" ind1="0" ind2=" ">
    <subfield code="t">El aguador</subfield>
    <subfield code="r">Hilari&#xF3;n Fr&#xED;as y Soto</subfield>
    <subfield code="t">El evangelista</subfield>
    <subfield code="r">Juan de Dios Arias</subfield>
    <subfield code="t">La china</subfield>
    <subfield code="r">Jos&#xE9; Mar&#xED;a Rivera</subfield>
    <subfield code="t">El ministro</subfield>
    <subfield code="r">Juan de Dios Arias</subfield>
    <subfield code="t">La coqueta</subfield>
    <subfield code="r">Ignacio Ram&#xED;rez</subfield>
    <subfield code="t">El cochero</subfield>
    <subfield code="r">Hilari&#xF3;n Fr&#xED;as y Soto</subfield>
    <subfield code="t">El sereno</subfield>
    <subfield code="r">Jos&#xE9; Mar&#xED;a Rivera</subfield>
    <subfield code="t">La recamarera.</subfield>
    <subfield code="r">Pantale&#xF3;n Tovar</subfield>
    <subfield code="t">El vendutero.</subfield>
    <subfield code="r">Jos&#xE9; Mar&#xED;a Rivera</subfield>
    <subfield code="t">El abogado.</subfield>
    <subfield code="r">Ignacio Ram&#xED;rez</subfield>
    <subfield code="t">La estanquillera</subfield>
    <subfield code="r">Ignacio Ram&#xED;rez</subfield>
    <subfield code="t">El maestro de escuela.</subfield>
    <subfield code="r">Jos&#xE9; Mar&#xED;a Rivera</subfield>
    <subfield code="t">La partera</subfield>
    <subfield code="r">Juan de Dios Arias</subfield>
  </datafield>
  <datafield tag="650" ind1=" " ind2="4">
    <subfield code="a">Literatura mexicana</subfield>
    <subfield code="x">Colecci&#xF3;n de escritos</subfield>
    <subfield code="9">49776</subfield>
  </datafield>
  <datafield tag="650" ind1=" " ind2="4">
    <subfield code="a">Cuentos mexicanos</subfield>
    <subfield code="9">11371</subfield>
  </datafield>
  <datafield tag="650" ind1=" " ind2="4">
    <subfield code="a">Literatura mexicana</subfield>
    <subfield code="9">1922</subfield>
  </datafield>
  <datafield tag="700" ind1="1" ind2=" ">
    <subfield code="a">Fr&#xED;as y Soto, Hilari&#xF3;n</subfield>
    <subfield code="9">49777</subfield>
  </datafield>
  <datafield tag="700" ind1="1" ind2=" ">
    <subfield code="a">Dios Arias, Juan de</subfield>
    <subfield code="9">49778</subfield>
  </datafield>
  <datafield tag="700" ind1="1" ind2=" ">
    <subfield code="a">Rivera , Jos&#xE9; Mar&#xED;a</subfield>
    <subfield code="9">49779</subfield>
  </datafield>
  <datafield tag="700" ind1="1" ind2=" ">
    <subfield code="a">Ram&#xED;rez, Ignacio</subfield>
    <subfield code="9">49780</subfield>
  </datafield>
  <datafield tag="700" ind1="1" ind2=" ">
    <subfield code="a">Tovar, Pantale&#xF3;n</subfield>
    <subfield code="9">49781</subfield>
  </datafield>
  <datafield tag="830" ind1=" " ind2="0">
    <subfield code="a">Cl&#xE1;sicos para Hoy</subfield>
    <subfield code="v">18</subfield>
    <subfield code="9">28953</subfield>
  </datafield>
  <datafield tag="049" ind1=" " ind2=" ">
    <subfield code="a">BNGR</subfield>
  </datafield>
  <datafield tag="952" ind1=" " ind2=" ">
    <subfield code="0">0</subfield>
    <subfield code="1">0</subfield>
    <subfield code="5">4</subfield>
    <subfield code="7">0</subfield>
    <subfield code="8">MO</subfield>
    <subfield code="a">GR</subfield>
    <subfield code="b">GR</subfield>
    <subfield code="c">CT</subfield>
    <subfield code="d">2011-01-25</subfield>
    <subfield code="i">LF1</subfield>
    <subfield code="l">0</subfield>
    <subfield code="o">M868.44 M611p</subfield>
    <subfield code="p">24247-10</subfield>
    <subfield code="r">2020-06-25</subfield>
    <subfield code="w">2020-06-25</subfield>
    <subfield code="y">4</subfield>
    <subfield code="Z">Pr&#xE9;stamo en sala</subfield>
  </datafield>
  <datafield tag="999" ind1=" " ind2=" ">
    <subfield code="c">23741</subfield>
    <subfield code="d">23741</subfield>
  </datafield>
</record>
